Ekonomika a riadenie priemyslu Odborný časopis rezortu Ministerstva priemyslu SSr
Salvato in:
| Natura: | Periodico |
|---|---|
| Lingua: | slovacco |
| Pubblicazione: |
Bratislava
Ústav ekonomiky a riadenia priemyslu
1988
|
| Tags: |
Nessun Tag, puoi essere il primo ad aggiungerne!!
|
MARC
| LEADER | 00000nas2a2200000 4500 | ||
|---|---|---|---|
| 001 | s039304 | ||
| 005 | 20200722090945.8 | ||
| 041 | 0 | |a slo | |
| 044 | |a SK | ||
| 245 | 1 | 0 | |a Ekonomika a riadenie priemyslu |b Odborný časopis rezortu Ministerstva priemyslu SSr |
| 264 | 1 | |a Bratislava |b Ústav ekonomiky a riadenia priemyslu |c 1988 | |
| 773 | 0 | |w eu_un_cat*s121049 | |